|
|
|
|
| LEADER |
00000naa2a2200000 4500 |
| 001 |
234561 |
| 005 |
20260209092828.0 |
| 035 |
|
|
|a (RuTPU)RU\TPU\book\255685
|
| 035 |
|
|
|a RU\TPU\book\255681
|
| 090 |
|
|
|a 234561
|
| 100 |
|
|
|a 20130326d2011 k y0rusy50 ca
|
| 101 |
0 |
|
|a rus
|
| 102 |
|
|
|a RU
|
| 135 |
|
|
|a drnn ---uucaa
|
| 181 |
|
0 |
|a i
|
| 182 |
|
0 |
|a b
|
| 200 |
1 |
|
|a Исследование предельной деформации при пластическом деформировании плоских тел с отверстием
|f М. Н. Морозов, А. О. Жданова
|g науч. рук. А. С. Соляник
|
| 203 |
|
|
|a Текст
|c электронный
|
| 225 |
1 |
|
|a Материаловедение
|
| 300 |
|
|
|a Заглавие с титульного экрана
|
| 320 |
|
|
|a [Библиогр.: с. 200 (2 назв.)]
|
| 337 |
|
|
|a Adobe Reader
|
| 461 |
|
1 |
|0 (RuTPU)RU\TPU\book\255301
|t Современные техника и технологии
|o сборник трудов XVII международной научно-практической конференции студентов, аспирантов и молодых ученых, Томск, 18-22 апреля 2011 г
|o в 3 т.
|f Национальный исследовательский Томский политехнический университет (ТПУ)
|d 2011
|
| 463 |
|
1 |
|0 (RuTPU)RU\TPU\book\255307
|t Т. 2
|v [С. 199-200]
|d 2011
|
| 610 |
1 |
|
|a труды учёных ТПУ
|
| 610 |
1 |
|
|a электронный ресурс
|
| 610 |
1 |
|
|a исследование
|
| 610 |
1 |
|
|a деформация
|
| 610 |
1 |
|
|a пластическое деформирование
|
| 610 |
1 |
|
|a плоские тела
|
| 610 |
1 |
|
|a отверстия
|
| 700 |
|
1 |
|a Морозов
|b М. Н.
|
| 701 |
|
1 |
|a Жданова
|b А. О.
|
| 702 |
|
1 |
|a Соляник
|b А. С.
|c российский ученый, специалист в области теоретической и прикладной механики
|c доцент Томского политехнического университета, кандидат технических наук
|f 1939-
|g Анатолий Сергеевич
|3 (RuTPU)RU\TPU\pers\28828
|4 727
|
| 801 |
|
2 |
|a RU
|b 63413507
|c 20130416
|g RCR
|
| 856 |
4 |
|
|u http://www.lib.tpu.ru/fulltext/c/2011/C01/V02/095.pdf
|
| 942 |
|
|
|c CF
|